000 00721nam a2200253Ia 4500
003 OSt
005 20220925204824.0
006 a|||||r|||| 00| 0
007 ta
008 220923b |||||||| |||| 00| 0 eng d
037 _cGeneral Book
040 _aRTL
_cRTL
_beng
041 _2eng
_aeng
082 _aU.4445.N8, M4
100 _aMajupuria Trilok Chandra
_9131543
245 0 _aComplete guide to Nepal
250 _a2nd
260 _aGwalior
_bM D Gupta India
_c1984
300 _axi,342p.
_ccm.
650 _aGeography- Asia
_9237597
700 _a Majupuria Indra
_9131542
942 _hU.4445.N8, M4
_cGB
_2CC
999 _c550534
_d550534